Computer security in financial organizations /

This book provides a unique in-depth focus on how financial organizations and suppliers of computer security are currently addressing - in strategic terms - the problem of computer security.

Bibliographic Details
Main Author: Essinger, James, 1957-
Corporate Author: ScienceDirect (Online service)
Format: eBook
Language:English
Published: Oxford : Elsevier Advanced Technology, ©1990.
Subjects:
Online Access:Connect to the full text of this electronic book

MARC

Tag First Indicator Second Indicator Subfields
LEADER 00000cam a2200000 a 4500
001 in00005758317
005 20260326212533.0
006 m o d
007 cr |n|||||||||
008 141206s1990 enk ob 001 0 eng d
040 |a EBLCP  |b eng  |e pn  |c EBLCP  |d OCLCQ  |d IDEBK  |d N$T  |d OPELS  |d DEBSZ  |d YDXCP  |d OCLCQ  |d MERUC  |d OCLCQ  |d IDB  |d STF  |d OCLCQ  |d UKAHL  |d OCLCQ  |d VLY  |d LUN  |d OCLCQ  |d OCLCO  |d COM  |d OCLCO  |d OCLCQ  |d OCLCO  |d OCLCL  |d OCLCQ  |d OCLCL  |d OCLCA  |d OCLCQ 
019 |a 893872892  |a 893874899 
020 |a 9781483294629  |q (electronic bk.) 
020 |a 1483294625  |q (electronic bk.) 
020 |z 0946395640 
020 |z 9780946395644 
035 |a (OCoLC)897646984  |z (OCoLC)893872892  |z (OCoLC)893874899 
050 4 |a HF5548.37 
072 7 |a BUS  |x 082000  |2 bisacsh 
072 7 |a BUS  |x 041000  |2 bisacsh 
072 7 |a BUS  |x 042000  |2 bisacsh 
072 7 |a BUS  |x 085000  |2 bisacsh 
082 0 4 |a 658.478  |2 23 
084 |a QK 300  |2 rvk 
049 |a TXAM 
100 1 |a Essinger, James,  |d 1957-  |1 https://id.oclc.org/worldcat/entity/E39PBJxCwtktGtv83cv3dMHt8C 
245 1 0 |a Computer security in financial organizations /  |c James Essinger. 
260 |a Oxford :  |b Elsevier Advanced Technology,  |c ©1990. 
300 |a 1 online resource 
336 |a text  |b txt  |2 rdacontent 
337 |a computer  |b c  |2 rdamedia 
338 |a online resource  |b cr  |2 rdacarrier 
504 |a Includes bibliographical references and index. 
588 0 |a Print version record. 
520 |a This book provides a unique in-depth focus on how financial organizations and suppliers of computer security are currently addressing - in strategic terms - the problem of computer security. 
505 0 |a Front Cover; Computer Security in Financial Organizations; Copyright Page; ABOUT THE AUTHOR; INTRODUCTION; Table of Contents; CHAPTER 1. THE COMPUTER SECURITY PROBLEM; Prioritizing Computer Security; Computer Security Technology; Developing a Strategic Approach to Computer Security; Principal Computer Security Hazards, and Responses; The Physical Access Hazard; The Electronic Access Hazard; A Note on Password Security; The Communications Hazard; The Systems Shutdown Hazard; Impact Analysis; Contingency Planning; Disaster Recovery Service Options; 'Hof Disaster Recovery Service 
505 8 |a The Electromagnetic Induction HazardBanking Control Mechanisms; Audit Trails; Computer Security -- A Personal View; Security at SWIFT; CHAPTER 2. THE COMPUTER CRIMINAL AT WORK; The Mind of the Computer Criminal; Examples of Computer Crimes; CHAPTER 3. COMPUTER SECURITY AND THE LAW; Introduction; I 'Trouble Ahead'. Information Crime and Jurisdiction'; II The Enforcers; The United States Secret Service; The City of London Police Fraud Department; The UK Serious Fraud Office; Kroll Associates; III Computer Crime Legisalation; United Kingdom; United States; CHAPTER 4. EXPERTS' VIEWPOINTS 
505 8 |a United Kingdom -- The UsersUnited Kingdom -- Suppliers; United States -- The Users; United States -- Suppliers; CHAPTER 5. PREVENTING BREACHES IN COMPUTER SECURITY; Introduction; Computer Security Guidelines for Financial Organizations; 10 Guidelines for Maximizing Computer Security; GLOSSARY; BIBLIOGRAPHY; INDEX 
650 0 |a Financial institutions  |x Data processing  |x Security measures. 
650 6 |a Institutions financières  |x Informatique  |x Sécurité  |x Mesures. 
650 7 |a BUSINESS & ECONOMICS  |x Industrial Management.  |2 bisacsh 
650 7 |a BUSINESS & ECONOMICS  |x Management.  |2 bisacsh 
650 7 |a BUSINESS & ECONOMICS  |x Management Science.  |2 bisacsh 
650 7 |a BUSINESS & ECONOMICS  |x Organizational Behavior.  |2 bisacsh 
650 7 |a Electronic data processing departments  |x Security measures  |2 fast 
650 7 |a Bank  |2 gnd 
650 7 |a Computerkriminalität  |2 gnd 
650 7 |a Datensicherung  |2 gnd 
655 7 |a Electronic books.  |2 local 
710 2 |a ScienceDirect (Online service) 
758 |i has work:  |a Computer security in financial organizations (Text)  |1 https://id.oclc.org/worldcat/entity/E39PCGFDcwYwMtfr9JPCwqH9WC  |4 https://id.oclc.org/worldcat/ontology/hasWork 
776 0 8 |i Print version:  |a Essinger, J.  |t Computer Security in Financial Organizations.  |d Burlington : Elsevier Science, ©2014  |z 9780946395644 
856 4 0 |u http://proxy.library.tamu.edu/login?url=https://www.sciencedirect.com/science/book/9780946395644  |z Connect to the full text of this electronic book  |t 0 
955 |a Elsevier ScienceDirect 2026-2027 
994 |a 92  |b TXA 
999 f f |i c1330d90-2e56-410f-bd84-581e39bfb36c  |s a4e66bc7-9db3-4619-8759-bbc36e230851  |t 0 
952 f f |a Texas A&M University  |b College Station  |c Electronic Resources  |s www_evans  |d Available Online  |t 0  |e HF5548.37   |h Library of Congress classification 
998 f f |a HF5548.37   |t 0  |l Available Online